Quiz-Shows im deutschen Fernsehen - Statistiken

Allgemein
  • Dieses Quiz wurde 252 mal gespielt
  • Das Durchschnittsergebnis liegt bei 8 aus 16
Antwortstatistiken
Beschreibung Show % Korrekt
Im Idealfall beantwortet man die von Günther Jauch gestellten, immer schwieriger werdenden 15 Multiple-Choice-Fragen korrekt und gewinnt eine Million. Wer wird Millionär?
97%
Basierend auf der britischen Show "The Chase" treten jeweils vier Kandidaten in der von Alexander Bommes präsentierten Sendung gegen einen sogenannten Jäger an. Gefragt – Gejagt
94%
Zwei Teamkapitäne mit jeweils einem prominenten Gast müssen in dieser von Kai Pflaume moderierten Sendung kuriose und skurrile Fragen beantworten. Wer weiß denn sowas?
77%
In der von Esther Sedlaczek moderierten ARD-Vorabendsendung treten zwei Prominente in verschiedenen Kategorien gegen immer die drei selben Quizspezialisten an. Quizduell Olymp
68%
Drei Prominente und ein Wildcard-Kandidat spielen in verschiedenen Quizrunden darum, die nächste Sendung anstelle von Joko Winterscheidt moderieren zu dürfen. Wer stiehlt mir die Show?
67%
Jörg Pilawa stellt Fragen, bei denen logisches Denken gefordert wird und die von einem immer kleineren Prozentsatz zuvor befragter Personen beantwortet werden konnten. Das 1% Quiz
56%
Vormittags bei RTL traten Teams aus fünf verwandten Kandidaten an und mussten die häufigsten Antworten finden, die 100 zuvor befragte Personen genannt hatten. Familien-Duell
48%
Das Besondere an dieser ursprünglich amerikanischen Show, die Frank Elstner bei RTL präsentierte, war, dass die Antworten in Form einer Frage formuliert werden mussten. Jeopardy!
48%
Von Johannes B. Kerner moderierte ZDF-Sendung, in der ein Kandidat fünf Duelle gegen prominente Experten in deren Fachgebiet gewinnen muss. Der Quiz-Champion
46%
Besonders gute Leistungen der prominenten Kandidaten in dieser ZDF-Show lobte Moderator Hans Rosenthal mit dem Ausruf "Das war Spitze!" Dalli Dalli
44%
Sonja Zietlow präsentierte als strenge Quizmasterin diese auf der britischen Sendung "The Weakest Link" basierende Show, in der nach jeder Runde ein Kandidat rausgewählt wurde. Der Schwächste fliegt
25%
Fritz Egner präsentierte diese Sendung, in der prominente Gäste von Kindergarten- und Grundschulkindern umschriebene Begriffe erraten mussten. Dingsda
25%
100 Kandidaten mit je einem Fachgebiet versuchen in dieser Sat-1-Show, in Rateduellen den Anteil des Studiobodens von ihrem Gegner zu erobern. The Floor
25%
In dieser Show gab es drei Kandidaten mit Spezialgebieten, eine Riiisko-Frage und Cartoons mit Wum und Wendelin. Der große Preis
21%
Klassische Ratesendung mit Hans-Joachim Kulenkampff und eigenem Butler, bei der acht Kandidaten aus verschiedenen europäischen Länder gegeneinander antraten. Einer wird gewinnen
21%
In dieser Ratesendung mit Dieter Thomas Heck musste man Begriffe umschreiben, teilweise sogar mit gefesselten Händen, um Geseten zu verhindern. Die Pyramide
13%
Keine übereinstimmenden Quizze gefunden
Verteilung der Resultate
Anzahl Personen mit jedem Resultat
Perzentil nach korrekt beantworteten Fragen
Ihre Resultats-Entwicklung
Sie haben dieses Quiz noch nicht gespielt